Sports Quiz

Random Sports or Baseball Quiz
Score 0/30 Timer 08:00
0 Plays Today
Player Teams Missing Team % Correct
Rays, Red Sox, _________Dodgers
87.9%
Royals, ________ , TwinsRays
84.8%
_________ , BrewersRed Sox
81.8%
Braves, _________ , Phillies, AstrosPirates
75.8%
__________ , YankeesCardinals
72.7%
_________ , Mariners, DiamondbacksRoyals
69.7%
Padres, ________ , Marlins, Dodgers, Angels, White Sox, Blue JaysReds
69.7%
__________ , Tigers, BravesMarlins
66.7%
__________ , Nationals, BrewersA's
63.6%
_________ , Astros, Blue Jays, Mariners, Pirates, Blue Jays, YankeesPhillies
63.6%
_________ , Red Sox, Mariners, Orioles, BrewersDiamondbacks
60.6%
__________ , Mariners, Blue JaysRangers
48.5%
Brewers, ________ , Nationals, CubsTwins
48.5%
_________ , A's, Astros, CardinalsPadres
48.5%
Brewers, Rangers, ________ , Mariners, Reds, RangersOrioles
45.5%
Player Teams Missing Team % Correct
Yankees, ________ , Pirates, Indians, YankeesGiants
45.5%
_________ , Brewers, OriolesAstros
42.4%
_________ , Mariners, BrewersBlue Jays
42.4%
A's, Diamondbacks, Braves, _______ , Padres, Royals, A'sCubs
42.4%
__________ , Astros, Tigers, A'sBrewers
42.4%
Padres, Orioles, ________Braves
42.4%
Mets, Indians, _________ , Cubs, Blue Jays, Indians, AstrosAngels
39.4%
__________ , Rays, BrewersMariners
39.4%
_________ , BrewersIndians
39.4%
Brewers, Cardinals, Indians, Pirates, ________ , A's, Blue Jays, DodgersRockies
33.3%
_________ , Rays, Angels, Pirates, A'sTigers
30.3%
Pirates, _________ , Tigers, CubsYankees
30.3%
Marlins, Diamondbacks, Giants, ________ , Angels, A'sNationals
27.3%
Cardinals, Angels, ________ , Angels, DiamondbacksMets
24.2%
White Sox, _________White Sox
18.2%
Remove Ads.
Support Sporcle.
Get the best of Sporcle when you Go Orange. This ad-free experience offers more features, more stats, and more fun while also helping to support Sporcle. Thank you for becoming a member.

You're not logged in!

Compare scores with friends on all Sporcle quizzes.
OR
Log In

Show Comments

Extras

Top Quizzes Today


Score Distribution

Your Account Isn't Verified!

In order to create a playlist on Sporcle, you need to verify the email address you used during registration. Go to your Sporcle Settings to finish the process.

Report this User

Report this user for behavior that violates our Community Guidelines.

Details: